000 00394nam a2200157Ia 4500
008 210210b1950 xxu||||| |||| 00| 0 eng d
041 _aeng
082 _a425/32
100 _aBEARDSLEY (M C)
245 _aThinking straight
260 _aNew York
_bPrentice-Hall of India Private Limited
_c1950
650 _aThinking
650 _astraight
690 _aEnglish Grammar
906 _a005808
999 _c128826
_d128826